| 000 | 01036cam a22002895a 4500 | ||
|---|---|---|---|
| 001 | 016558629 | ||
| 003 | OSt | ||
| 005 | 20201128021453.0 | ||
| 008 | 131126s2014 enka frb 001 0 eng d | ||
| 020 | _a9781137020109 (pbk.) | ||
| 040 |
_aStDuBDS _beng _cStDuBDS _dUk _dEG-ScBUE |
||
| 082 | 0 | 4 |
_a658.514 _222 _bEVE |
| 100 | 1 |
_aEvers, Natasha. _939207 |
|
| 245 | 1 | 0 |
_aTechnology entrepreneurship : _bbringing innovation to the marketplace / _cNatasha Evers, James Cunningham, Thomas Hoholm. |
| 260 |
_aBasingstoke ; _aNew York : _bPalgrave Macmillan / Macmillan Publishers Limited, _c2014. |
||
| 300 |
_axxx, 394 p. : _bill. ; _c24 cm. |
||
| 500 | _aIndex : p. 381-394. | ||
| 500 | _aIncludes online resources available. | ||
| 504 | _aIncludes bibliographical references. | ||
| 650 | 7 |
_aTechnological innovations. _2BUEsh _919468 |
|
| 650 | 7 |
_aEntrepreneurship. _2BUEsh _9240 |
|
| 651 | _2BUEsh | ||
| 653 |
_bBUSADM _cAugust2015 _cJanuary2016 |
||
| 700 | 1 |
_aCunningham, James, _d1972- |
|
| 700 | 1 |
_aHoholm, Thomas, _d1973- |
|
| 942 | _2ddc | ||
| 999 |
_c20460 _d20432 |
||